| 000 | 00591nam a2200181 a 4500 | ||
|---|---|---|---|
| 001 | BRCA_2876 | ||
| 005 | 20190320204018.0 | ||
| 008 | 111208s1681----enka---###---#000-0#eng-u | ||
| 050 | 4 |
_aPR3415 _b.D79 1681 |
|
| 100 | 1 |
_aDryden, John _d1631-1700 _98025 |
|
| 245 | 1 | 0 |
_aThe Indian emperour _bor the Conquest of Mexico by the Spaniards, being the sequel of the Indian queen _cby John Dryden. |
| 260 |
_aLondon _bH. Herringman _c1681 |
||
| 300 |
_a68 p. _bil. _c22 cm. |
||
| 500 | _aB19 | ||
| 600 | 1 | 4 |
_aMoctezuma _bII _cEmperador de México _d1466-1520 _xTeatro _98026 |
| 902 | _aGFM | ||
| 942 |
_2lcc _cB |
||
| 999 |
_c2615 _d2615 |
||